Ngồi khóc trên cây Truyện dài
v...v
Đã lưu trong:
| Tác giả chính: | |
|---|---|
| Định dạng: | Sách |
| Năm xuất bản: |
Tp. Hồ Chí Minh.
NxbTrẻ
2014
|
| Phiên bản: | Tái bản lần thứ 8 |
| Chủ đề: | |
| Tags: |
Thêm thẻ
Không có thẻ, Hãy là người đầu tiên gắn thẻ bản ghi này!
|
| LEADER | 01210nam a2200217 4500 | ||
|---|---|---|---|
| 082 | |a 895.92234 |b NG527NH | ||
| 100 | |a Nguyễn Nhật ánh | ||
| 245 | |a Ngồi khóc trên cây |c Nguyễn Nhật Ánh |b Truyện dài | ||
| 250 | |a Tái bản lần thứ 8 | ||
| 260 | |a Tp. Hồ Chí Minh. |b NxbTrẻ |c 2014 | ||
| 300 | |a 341tr. |c 20cm | ||
| 520 | |a v...v | ||
| 653 | |a Văn học hiện đại | ||
| 653 | |a Thế kỉ 20 | ||
| 653 | |a Việt Nam | ||
| 653 | |a Truyện dài | ||
| 942 | |2 ddc |c STK0 | ||
| 999 | |c 1052 |d 1052 | ||
| 952 | |0 0 |1 0 |2 ddc |4 0 |6 895_922340000000000_NG527NH |7 1 |8 800 |9 19292 |a qbu |b qbu |c D5 |d 2014-12-03 |g 99000 |l 13 |m 3 |o 895.92234 NG527NH |p 4860.C1 |r 2019-01-30 |s 2018-11-19 |w 2014-12-03 |y STK0 |0 0 |6 895_922340000000000_NG527NH | ||
| 952 | |0 0 |1 0 |2 ddc |4 0 |6 895_922340000000000_NG527NH |7 0 |8 800 |9 19293 |a qbu |b qbu |c D5 |d 2014-12-03 |g 99000 |l 27 |m 6 |o 895.92234 NG527NH |p 4860.C2 |r 2019-03-11 |s 2019-03-06 |w 2014-12-03 |y STK0 |0 0 |6 895_922340000000000_NG527NH |0 0 |6 895_922340000000000_NG527NH | ||
| 952 | |0 0 |1 0 |2 ddc |4 0 |6 895_922340000000000_NG527NH |7 0 |8 800 |9 19294 |a qbu |b qbu |c D5 |d 2014-12-03 |g 99000 |l 21 |m 6 |o 895.92234 NG527NH |p 4860.C3 |r 2019-10-24 |s 2019-10-11 |w 2014-12-03 |y STK0 |0 0 |6 895_922340000000000_NG527NH |0 0 |6 895_922340000000000_NG527NH | ||